[Event "European Clubs Cup"]
[Site "chess24.com"]
[Date "2018.10.12"]
[Round "1"]
[White "Samoun, Florent"]
[Black "Sagit, Rauan"]
[Result "1-0"]
[Board "2"]
[WhiteElo "2322"]
[WhiteTitle "FM"]
[WhiteCountry "FRA"]
[WhiteFideId "664995"]
[WhiteEloChange "13"]
[BlackElo "2434"]
[BlackTitle "IM"]
[BlackCountry "SWE"]
[BlackFideId "1708376"]
[BlackEloChange "-7"]

1. e4 {[%clk 1:30:56]} c5 {[%clk 1:30:47]} 2. Nf3 {[%clk 1:30:43]} d6 {[%clk
1:31:05]} 3. c3 {[%clk 1:29:05]} Nf6 {[%clk 1:29:51]} 4. d3 {[%clk 1:27:38]} g6
{[%clk 1:25:43]} 5. g3 {[%clk 1:27:57]} Bg7 {[%clk 1:25:52]} 6. Bg2 {[%clk
1:28:12]} Nc6 {[%clk 1:25:15]} 7. O-O {[%clk 1:28:16]} O-O {[%clk 1:25:27]} 8.
Re1 {[%clk 1:28:22]} Rb8 {[%clk 1:20:54]} 9. d4 {[%clk 1:19:04]} Bg4 {[%clk
1:17:42]} 10. h3 {[%clk 1:10:38]} Bxf3 {[%clk 1:15:43]} 11. Bxf3 {[%clk 1:10:55]}
cxd4 {[%clk 1:12:04]} 12. cxd4 {[%clk 1:10:32]} Nd7 {[%clk 1:06:19]} 13. d5
{[%clk 1:07:14]} Nce5 {[%clk 1:03:13]} 14. Be2 {[%clk 0:57:46]} Nc5 {[%clk
1:01:11]} 15. Nc3 {[%clk 0:55:11]} Qd7 {[%clk 0:59:39]} 16. Kg2 {[%clk 0:48:29]}
b5 {[%clk 0:58:03]} 17. b4 {[%clk 0:35:07]} Nc4 {[%clk 0:46:05]} 18. bxc5 {[%clk
0:32:46]} Bxc3 {[%clk 0:46:22]} 19. c6 {[%clk 0:32:36]} Qc7 {[%clk 0:46:21]} 20.
Bh6 {[%clk 0:32:21]} Rfe8 {[%clk 0:44:25]} 21. Rh1 {[%clk 0:29:44]} Bxa1 {[%clk
0:39:34]} 22. Qxa1 {[%clk 0:30:08]} e5 {[%clk 0:38:54]} 23. Qc1 {[%clk 0:29:36]}
f6 {[%clk 0:35:34]} 24. h4 {[%clk 0:27:08]} Re7 {[%clk 0:31:28]} 25. Bg4 {[%clk
0:18:39]} Rbe8 {[%clk 0:30:46]} 26. Qc3 {[%clk 0:18:03]} Nb6 {[%clk 0:29:47]} 27.
h5 {[%clk 0:13:26]} Qd8 {[%clk 0:25:03]} 28. Qf3 {[%clk 0:11:15]} Rc7 {[%clk
0:17:46]} 29. hxg6 {[%clk 0:11:15]} hxg6 {[%clk 0:18:08]} 30. Bf5 {[%clk
0:08:07]} gxf5 {[%clk 0:17:04]} 31. Qxf5 {[%clk 0:08:21]} Ree7 {[%clk 0:16:29]}
32. Qxf6 {[%clk 0:01:15]} Qe8 {[%clk 0:16:04]} 33. Rh4 {[%clk 0:00:47]} Rg7
{[%clk 0:15:33]} 34. Bxg7 {[%clk 0:00:50]} Rxg7 {[%clk 0:15:57]} 35. Qxd6 {[%clk
0:01:04]} Rg6 {[%clk 0:14:56]} 36. Qc7 {[%clk 0:01:27]} Rg7 {[%clk 0:15:15]} 37.
Qd6 {[%clk 0:01:47]} Rg6 {[%clk 0:15:20]} 38. Qc5 {[%clk 0:01:59]} Nc8 {[%clk
0:15:15]} 39. Qxb5 {[%clk 0:01:42]} Nd6 {[%clk 0:14:54]} 40. Qe2 {[%clk 0:31:43]}
Rg7 {[%clk 0:44:08]} 41. Rh6 {[%clk 0:27:34]} Rg6 {[%clk 0:29:35]} 42. Rh4 {[%clk
0:21:34]} Rg7 {[%clk 0:29:30]} 43. Qe3 {[%clk 0:20:38]} Qd8 {[%clk 0:13:11]} 44.
Rh5 {[%clk 0:17:09]} Qc8 {[%clk 0:10:17]} 45. Qh6 {[%clk 0:14:03]} Nf7 {[%clk
0:10:34]} 46. Qf6 {[%clk 0:13:35]} Qg4 {[%clk 0:07:17]} 47. c7 {[%clk 0:06:24]}
Qxe4+ {[%clk 0:04:41]} 48. Kh2 {[%clk 0:06:09]} Qc2 {[%clk 0:04:52]} 49. Qd8+
{[%clk 0:06:20]} Nxd8 {[%clk 0:05:16]} 50. cxd8Q+ {[%clk 0:06:43]} Kf7 {[%clk
0:05:37]} 51. Qd7+ {[%clk 0:06:31]} Kg6 {[%clk 0:05:42]} 52. Qg4+ {[%clk
0:05:55]} Kf7 {[%clk 0:06:07]} 53. Qe6+ {[%clk 0:06:12]} 1-0

[Event "European Clubs Cup"]
[Site "chess24.com"]
[Date "2018.10.12"]
[Round "1"]
[White "Lalouette, Herve"]
[Black "Grandell, Anders"]
[Result "0-1"]
[Board "6"]
[WhiteElo "1681"]
[WhiteCountry "FRA"]
[WhiteFideId "651044"]
[WhiteEloChange "-2"]
[BlackElo "2268"]
[BlackTitle "FM"]
[BlackCountry "SWE"]
[BlackFideId "1709771"]
[BlackEloChange "2"]

1. e4 {[%clk 1:30:58]} c5 {[%clk 1:30:54]} 2. Nf3 {[%clk 1:31:23]} Nc6 {[%clk
1:31:19]} 3. d4 {[%clk 1:31:48]} cxd4 {[%clk 1:31:45]} 4. Nxd4 {[%clk 1:32:02]}
g6 {[%clk 1:32:03]} 5. Nc3 {[%clk 1:31:45]} Bg7 {[%clk 1:32:27]} 6. Be3 {[%clk
1:32:06]} Nf6 {[%clk 1:32:53]} 7. Bc4 {[%clk 1:30:25]} O-O {[%clk 1:33:16]} 8. f3
{[%clk 1:30:42]} Qb6 {[%clk 1:33:10]} 9. Ncb5 {[%clk 1:18:52]} a6 {[%clk
1:25:51]} 10. Nf5 {[%clk 1:17:01]} Qd8 {[%clk 1:26:05]} 11. Nh6+ {[%clk 1:11:10]}
Bxh6 {[%clk 1:25:47]} 12. Bxh6 {[%clk 1:11:30]} axb5 {[%clk 1:26:13]} 13. Bxf8
{[%clk 1:11:50]} Kxf8 {[%clk 1:26:17]} 14. Bd3 {[%clk 1:06:32]} Qb6 {[%clk
1:25:34]} 15. Qd2 {[%clk 1:04:59]} d5 {[%clk 1:22:30]} 16. Qf2 {[%clk 0:59:39]}
Qxf2+ {[%clk 1:20:55]} 17. Kxf2 {[%clk 1:00:03]} dxe4 {[%clk 1:21:19]} 18. fxe4
{[%clk 0:58:21]} b4 {[%clk 1:21:26]} 19. Rhe1 {[%clk 0:53:37]} Ng4+ {[%clk
1:20:58]} 20. Kg1 {[%clk 0:52:16]} Be6 {[%clk 1:21:14]} 21. a3 {[%clk 0:50:49]}
b3 {[%clk 1:20:44]} 22. c3 {[%clk 0:46:40]} Nge5 {[%clk 1:20:23]} 23. Bb5 {[%clk
0:39:17]} Na5 {[%clk 1:19:28]} 24. Rad1 {[%clk 0:37:31]} Nac4 {[%clk 1:19:35]}
25. Rd4 {[%clk 0:29:40]} Nxb2 {[%clk 0:54:31]} 26. Rb1 {[%clk 0:29:44]} Nbc4
{[%clk 0:54:54]} 27. Rxb3 {[%clk 0:27:55]} Nxa3 {[%clk 0:54:46]} 28. Rb2 {[%clk
0:24:04]} Nxb5 {[%clk 0:40:38]} 29. Rxb5 {[%clk 0:24:25]} Ra1+ {[%clk 0:41:01]}
30. Kf2 {[%clk 0:24:48]} Ng4+ {[%clk 0:41:28]} 31. Kg3 {[%clk 0:23:43]} Rc1
{[%clk 0:40:53]} 32. Rc5 {[%clk 0:09:57]} Nf6 {[%clk 0:37:23]} 33. h3 {[%clk
0:08:02]} b6 {[%clk 0:31:48]} 34. Rc7 {[%clk 0:05:54]} Re1 {[%clk 0:30:47]} 35.
Kf3 {[%clk 0:05:17]} Nxe4 {[%clk 0:29:51]} 36. Rxe4 {[%clk 0:03:26]} Bd5 {[%clk
0:30:15]} 37. Rc8+ {[%clk 0:03:10]} Kg7 {[%clk 0:30:40]} 38. Rc4 {[%clk 0:03:34]}
Rxe4 {[%clk 0:30:52]} 39. Rxe4 {[%clk 0:03:56]} f5 {[%clk 0:31:19]} 0-1

[Event "European Clubs Cup"]
[Site "chess24.com"]
[Date "2018.10.12"]
[Round "1"]
[White "Lex, Gereon"]
[Black "Veinberg, Nimrod"]
[Result "0-1"]
[Board "2"]
[WhiteElo "1836"]
[WhiteCountry "GER"]
[WhiteFideId "1271953"]
[WhiteEloChange "-2"]
[BlackElo "2386"]
[BlackTitle "IM"]
[BlackCountry "ISR"]
[BlackFideId "2810280"]
[BlackEloChange "2"]

1. Nf3 {[%clk 1:30:53]} d5 {[%clk 1:30:44]} 2. g3 {[%clk 1:30:56]} g6 {[%clk
1:30:51]} 3. Bg2 {[%clk 1:30:38]} Bg7 {[%clk 1:31:11]} 4. d4 {[%clk 1:26:57]} Nd7
{[%clk 1:30:27]} 5. O-O {[%clk 1:26:35]} Ngf6 {[%clk 1:30:48]} 6. Nbd2 {[%clk
1:26:22]} c5 {[%clk 1:28:50]} 7. c3 {[%clk 1:23:32]} O-O {[%clk 1:28:52]} 8. Re1
{[%clk 1:15:52]} h6 {[%clk 1:21:11]} 9. e4 {[%clk 1:10:52]} cxd4 {[%clk 1:16:27]}
10. e5 {[%clk 1:03:49]} dxc3 {[%clk 1:14:33]} 11. exf6 {[%clk 1:01:15]} cxd2
{[%clk 1:14:44]} 12. fxe7 {[%clk 0:58:53]} dxe1R+ {[%clk 1:14:07]} 13. Qxe1
{[%clk 0:59:00]} Qb6 {[%clk 1:12:13]} 14. e8Q {[%clk 0:57:17]} Rxe8 {[%clk
1:12:32]} 15. Qxe8+ {[%clk 0:57:39]} Nf8 {[%clk 1:12:41]} 16. Be3 {[%clk
0:52:40]} Qc6 {[%clk 1:06:44]} 17. Qd8 {[%clk 0:51:31]} Qd7 {[%clk 1:01:09]} 18.
Qh4 {[%clk 0:47:07]} g5 {[%clk 0:49:08]} 19. Qb4 {[%clk 0:45:41]} b6 {[%clk
0:41:18]} 20. Rd1 {[%clk 0:38:34]} Bb7 {[%clk 0:41:24]} 21. h4 {[%clk 0:38:03]}
g4 {[%clk 0:39:26]} 22. Nd4 {[%clk 0:36:09]} h5 {[%clk 0:31:44]} 23. Bf1 {[%clk
0:27:22]} Ng6 {[%clk 0:30:05]} 24. Bd3 {[%clk 0:20:27]} Ne5 {[%clk 0:28:47]} 25.
Bf5 {[%clk 0:18:37]} Nf3+ {[%clk 0:28:05]} 26. Kf1 {[%clk 0:13:48]} Qe8 {[%clk
0:26:43]} 27. b3 {[%clk 0:10:37]} Bxd4 {[%clk 0:22:07]} 28. Bxd4 {[%clk 0:06:37]}
Ba6+ {[%clk 0:22:02]} 29. Kg2 {[%clk 0:03:35]} Qe2 {[%clk 0:22:01]} 30. Rc1
{[%clk 0:03:44]} Nxd4 {[%clk 0:21:49]} 31. Bxg4 {[%clk 0:00:32]} Qxg4 {[%clk
0:21:34]} 0-1

[Event "European Clubs Cup"]
[Site "chess24.com"]
[Date "2018.10.12"]
[Round "1"]
[White "Marhoefer, Daniel"]
[Black "Baliasnyj, Timur"]
[Result "0-1"]
[Board "5"]
[WhiteElo "1773"]
[WhiteCountry "GER"]
[WhiteFideId "12959561"]
[WhiteEloChange "-2"]
[BlackElo "2216"]
[BlackCountry "LTU"]
[BlackFideId "12802719"]
[BlackEloChange "2"]

1. e4 {[%clk 1:30:57]} c5 {[%clk 1:30:50]} 2. Nf3 {[%clk 1:31:21]} g6 {[%clk
1:31:13]} 3. d4 {[%clk 1:31:37]} cxd4 {[%clk 1:31:37]} 4. Nxd4 {[%clk 1:32:00]}
Bg7 {[%clk 1:32:00]} 5. Nc3 {[%clk 1:31:57]} Nc6 {[%clk 1:32:22]} 6. Be3 {[%clk
1:32:01]} Nf6 {[%clk 1:32:45]} 7. Bc4 {[%clk 1:32:02]} Qa5 {[%clk 1:33:01]} 8. f3
{[%clk 1:29:07]} Qb4 {[%clk 1:27:35]} 9. Nxc6 {[%clk 1:23:41]} Qxc4 {[%clk
1:21:29]} 10. Nxa7 {[%clk 1:15:16]} d6 {[%clk 1:10:20]} 11. Qd3 {[%clk 0:52:51]}
Be6 {[%clk 1:07:16]} 12. Qxc4 {[%clk 0:36:34]} Bxc4 {[%clk 1:07:44]} 13. Nab5
{[%clk 0:30:19]} O-O {[%clk 1:06:50]} 14. Kf2 {[%clk 0:29:48]} Rfc8 {[%clk
1:05:29]} 15. Nd4 {[%clk 0:28:40]} e5 {[%clk 0:55:25]} 16. Nb3 {[%clk 0:24:38]}
d5 {[%clk 0:55:31]} 17. exd5 {[%clk 0:24:45]} Nxd5 {[%clk 0:55:44]} 18. Nxd5
{[%clk 0:24:55]} Bxd5 {[%clk 0:56:12]} 19. c3 {[%clk 0:24:14]} f5 {[%clk
0:51:14]} 20. Rhd1 {[%clk 0:21:17]} Bc6 {[%clk 0:47:00]} 21. Kg1 {[%clk 0:20:30]}
Bf8 {[%clk 0:41:45]} 22. Rd2 {[%clk 0:16:50]} Be7 {[%clk 0:35:36]} 23. a3 {[%clk
0:16:51]} g5 {[%clk 0:35:41]} 24. Re1 {[%clk 0:16:15]} Ba4 {[%clk 0:23:10]} 25.
Nc1 {[%clk 0:14:20]} Rd8 {[%clk 0:22:19]} 26. Ree2 {[%clk 0:12:34]} Bb5 {[%clk
0:21:19]} 27. Rxd8+ {[%clk 0:12:48]} Rxd8 {[%clk 0:21:28]} 28. Rd2 {[%clk
0:13:10]} Rxd2 {[%clk 0:21:12]} 29. Bxd2 {[%clk 0:13:36]} Bc5+ {[%clk 0:21:02]}
30. Kh1 {[%clk 0:13:59]} f4 {[%clk 0:20:54]} 31. Na2 {[%clk 0:12:15]} Kf7 {[%clk
0:19:18]} 32. Nb4 {[%clk 0:12:22]} Ke6 {[%clk 0:18:13]} 33. g4 {[%clk 0:07:37]}
Be2 {[%clk 0:18:11]} 34. Kg2 {[%clk 0:07:34]} e4 {[%clk 0:18:34]} 35. fxe4 {[%clk
0:07:44]} f3+ {[%clk 0:18:55]} 36. Kh1 {[%clk 0:04:01]} f2 {[%clk 0:19:11]} 37.
Bxg5 {[%clk 0:04:28]} f1Q# {[%clk 0:19:25]} 0-1

[Event "European Clubs Cup"]
[Site "chess24.com"]
[Date "2018.10.12"]
[Round "1"]
[White "Podlesnik, Bogdan"]
[Black "Bevan, Peter M"]
[Result "0-1"]
[Board "5"]
[WhiteElo "2365"]
[WhiteTitle "IM"]
[WhiteCountry "MNE"]
[WhiteFideId "14600129"]
[WhiteEloChange "-18"]
[BlackElo "1886"]
[BlackCountry "WLS"]
[BlackFideId "1800345"]
[BlackEloChange "18"]

1. e4 {[%clk 1:30:58]} d5 {[%clk 1:30:51]} 2. exd5 {[%clk 1:31:16]} Qxd5 {[%clk
1:31:09]} 3. Nc3 {[%clk 1:31:38]} Qd8 {[%clk 1:31:34]} 4. Bc4 {[%clk 1:30:55]} c6
{[%clk 1:31:04]} 5. a4 {[%clk 1:30:31]} Bf5 {[%clk 1:29:00]} 6. Nge2 {[%clk
1:29:30]} e6 {[%clk 1:27:14]} 7. Ng3 {[%clk 1:28:45]} Bg6 {[%clk 1:27:27]} 8. O-O
{[%clk 1:28:40]} h5 {[%clk 1:14:07]} 9. h3 {[%clk 1:25:55]} h4 {[%clk 1:11:54]}
10. Nge2 {[%clk 1:23:21]} Nf6 {[%clk 1:08:27]} 11. d3 {[%clk 1:22:17]} Nbd7
{[%clk 1:07:53]} 12. a5 {[%clk 1:22:13]} Bc5 {[%clk 1:00:42]} 13. Kh1 {[%clk
1:20:22]} Qc7 {[%clk 0:56:46]} 14. d4 {[%clk 1:10:48]} Bd6 {[%clk 0:56:31]} 15.
Bd3 {[%clk 1:08:18]} Bxd3 {[%clk 0:56:31]} 16. Qxd3 {[%clk 1:08:31]} O-O-O {[%clk
0:56:27]} 17. a6 {[%clk 1:06:22]} b6 {[%clk 0:56:38]} 18. Be3 {[%clk 1:05:12]}
Kb8 {[%clk 0:54:17]} 19. f3 {[%clk 0:59:48]} Nh5 {[%clk 0:51:38]} 20. Ne4 {[%clk
0:59:30]} Nf4 {[%clk 0:51:34]} 21. Qd2 {[%clk 0:56:03]} Nxe2 {[%clk 0:51:24]} 22.
Qxe2 {[%clk 0:56:14]} Bf4 {[%clk 0:51:43]} 23. Bg1 {[%clk 0:56:09]} Nf6 {[%clk
0:49:03]} 24. Nxf6 {[%clk 0:54:56]} gxf6 {[%clk 0:49:26]} 25. b4 {[%clk 0:53:24]}
Rh5 {[%clk 0:49:18]} 26. c4 {[%clk 0:52:16]} Rg8 {[%clk 0:49:28]} 27. Ra2 {[%clk
0:51:38]} Qe7 {[%clk 0:42:10]} 28. Qe4 {[%clk 0:49:39]} Qc7 {[%clk 0:42:31]} 29.
b5 {[%clk 0:45:48]} cxb5 {[%clk 0:40:10]} 30. cxb5 {[%clk 0:44:42]} f5 {[%clk
0:39:24]} 31. Qb1 {[%clk 0:39:31]} Rc8 {[%clk 0:39:23]} 32. d5 {[%clk 0:38:41]}
Rhh8 {[%clk 0:33:57]} 33. Ra4 {[%clk 0:35:29]} Bg3 {[%clk 0:33:47]} 34. Rd1
{[%clk 0:29:04]} Rhd8 {[%clk 0:30:47]} 35. Ra2 {[%clk 0:23:34]} Qc4 {[%clk
0:27:52]} 36. Rad2 {[%clk 0:20:15]} Qc7 {[%clk 0:19:33]} 37. Qb4 {[%clk 0:12:40]}
Qd6 {[%clk 0:17:00]} 38. Qb3 {[%clk 0:11:57]} e5 {[%clk 0:16:47]} 39. Rc2 {[%clk
0:10:56]} e4 {[%clk 0:16:34]} 40. Rc6 {[%clk 0:40:04]} Rxc6 {[%clk 0:45:53]} 41.
bxc6 {[%clk 0:40:19]} Kc7 {[%clk 0:46:03]} 42. fxe4 {[%clk 0:30:20]} fxe4 {[%clk
0:46:22]} 43. Qa4 {[%clk 0:30:33]} f5 {[%clk 0:46:13]} 44. Bxb6+ {[%clk 0:29:48]}
axb6 {[%clk 0:46:19]} 45. a7 {[%clk 0:28:44]} e3 {[%clk 0:42:26]} 46. Qa6 {[%clk
0:28:12]} Qxc6 {[%clk 0:42:21]} 47. Qa1 {[%clk 0:26:28]} e2 {[%clk 0:38:04]} 48.
Rc1 {[%clk 0:26:22]} Qxc1+ {[%clk 0:35:27]} 49. Qxc1+ {[%clk 0:26:31]} Kb7 {[%clk
0:35:51]} 50. a8Q+ {[%clk 0:22:26]} Kxa8 {[%clk 0:35:46]} 51. Qa3+ {[%clk
0:22:51]} Kb8 {[%clk 0:35:56]} 0-1

[Event "European Clubs Cup"]
[Site "chess24.com"]
[Date "2018.10.12"]
[Round "1"]
[White "Tzagarakis, Panagiotis"]
[Black "Roobol, Martin"]
[Result "0-1"]
[Board "5"]
[WhiteElo "1724"]
[WhiteCountry "GRE"]
[WhiteFideId "25806009"]
[WhiteEloChange "-2"]
[BlackElo "2243"]
[BlackTitle "FM"]
[BlackCountry "NED"]
[BlackFideId "1004468"]
[BlackEloChange "2"]

1. e4 {[%clk 1:30:30]} e5 {[%clk 1:30:30]} 2. Nf3 {[%clk 1:30:30]} Nc6 {[%clk
1:30:30]} 3. Bc4 {[%clk 1:30:30]} Nf6 {[%clk 1:30:30]} 4. d3 {[%clk 1:30:30]} Be7
{[%clk 1:30:30]} 5. h3 {[%clk 1:30:30]} O-O {[%clk 1:30:30]} 6. c3 {[%clk
1:30:30]} d5 {[%clk 1:30:30]} 7. exd5 {[%clk 1:30:30]} Nxd5 {[%clk 1:30:30]} 8.
O-O {[%clk 1:30:30]} Nb6 {[%clk 1:30:30]} 9. Bb3 {[%clk 1:30:30]} Bf5 {[%clk
1:30:30]} 10. Bc2 {[%clk 1:30:30]} Bf6 {[%clk 1:30:30]} 11. Qe2 {[%clk 1:30:30]}
Nd5 {[%clk 1:30:30]} 12. a4 {[%clk 1:30:30]} a5 {[%clk 1:30:30]} 13. Na3 {[%clk
1:30:30]} Re8 {[%clk 1:30:30]} 14. Re1 {[%clk 1:30:30]} h6 {[%clk 1:30:30]} 15.
Bd2 {[%clk 1:30:30]} Qd7 {[%clk 1:30:30]} 16. Rad1 {[%clk 1:30:30]} Rad8 {[%clk
1:30:30]} 17. Qf1 {[%clk 1:30:30]} g5 {[%clk 1:30:30]} 18. g4 {[%clk 1:30:30]}
Bg6 {[%clk 1:30:30]} 19. Qg2 {[%clk 1:30:30]} Re7 {[%clk 1:30:30]} 20. h4 {[%clk
1:30:30]} Nf4 {[%clk 1:30:30]} 21. Bxf4 {[%clk 1:30:30]} exf4 {[%clk 1:30:30]}
22. hxg5 {[%clk 1:30:30]} hxg5 {[%clk 1:30:30]} 23. d4 {[%clk 1:30:30]} Bxc2
{[%clk 1:30:30]} 24. Nxc2 {[%clk 1:30:30]} Rde8 {[%clk 1:30:30]} 25. Ne5 {[%clk
1:30:30]} Bxe5 {[%clk 1:30:30]} 26. dxe5 {[%clk 1:30:30]} Qc8 {[%clk 1:30:30]}
27. Nd4 {[%clk 1:30:30]} Nxe5 {[%clk 1:30:30]} 28. Nf5 {[%clk 1:30:30]} Nf3+
{[%clk 1:30:30]} 29. Qxf3 {[%clk 1:30:30]} Rxe1+ {[%clk 1:30:30]} 30. Kg2 {[%clk
1:30:30]} Rxd1 {[%clk 1:30:30]} 31. Qxd1 {[%clk 1:30:30]} Qe6 {[%clk 1:30:30]}
32. Kh3 {[%clk 1:30:30]} Qe4 {[%clk 1:30:30]} 33. f3 {[%clk 1:30:30]} Qe1 {[%clk
1:30:30]} 34. Qxe1 {[%clk 1:30:30]} Rxe1 {[%clk 1:30:30]} 35. Nd4 {[%clk
1:30:30]} Rb1 {[%clk 1:30:30]} 36. b3 {[%clk 1:30:30]} Rc1 {[%clk 1:30:30]} 37.
c4 {[%clk 1:30:30]} Rc3 {[%clk 1:30:30]} 38. Kg2 {[%clk 1:30:30]} c6 {[%clk
1:30:30]} 39. Kf2 {[%clk 1:30:30]} Rd3 {[%clk 1:30:30]} 40. Nf5 {[%clk 1:30:30]}
Rxb3 {[%clk 1:30:30]} 41. Nd6 {[%clk 1:30:30]} Rb2+ {[%clk 1:30:30]} 42. Ke1
{[%clk 1:30:30]} Kg7 {[%clk 1:30:30]} 43. c5 {[%clk 1:30:30]} Rb4 {[%clk
1:30:30]} 44. Ke2 {[%clk 1:30:30]} Rxa4 {[%clk 1:30:30]} 45. Nxb7 {[%clk
1:30:30]} Kf6 {[%clk 1:30:30]} 46. Nd8 {[%clk 1:30:30]} Rc4 {[%clk 1:30:30]} 47.
Nb7 {[%clk 1:30:30]} a4 {[%clk 1:30:30]} 48. Kd3 {[%clk 1:30:30]} Rb4 {[%clk
1:30:30]} 49. Na5 {[%clk 1:30:30]} Rb5 {[%clk 1:30:30]} 50. Nxc6 {[%clk 1:30:30]}
Rxc5 {[%clk 1:30:30]} 51. Nb4 {[%clk 1:30:30]} a3 {[%clk 1:30:30]} 52. Na2 {[%clk
1:30:30]} Ke5 {[%clk 1:30:30]} 53. Nb4 {[%clk 1:30:30]} f5 {[%clk 1:30:30]} 54.
gxf5 {[%clk 1:30:30]} Kxf5 {[%clk 1:30:30]} 55. Na2 {[%clk 1:30:30]} Rb5 {[%clk
1:30:30]} 56. Nc1 {[%clk 1:30:30]} Rb1 {[%clk 1:30:30]} 57. Na2 {[%clk 0:59:37]}
Rb3+ {[%clk 1:30:30]} 0-1

[Event "European Clubs Cup"]
[Site "chess24.com"]
[Date "2018.10.13"]
[Round "2"]
[White "Gorodetzky, David"]
[Black "Ding, Liren"]
[Result "0-1"]
[Board "1"]
[WhiteElo "2452"]
[WhiteTitle "IM"]
[WhiteCountry "ISR"]
[WhiteFideId "2813416"]
[WhiteEloChange "-1"]
[BlackElo "2804"]
[BlackTitle "GM"]
[BlackCountry "CHN"]
[BlackFideId "8603677"]
[BlackEloChange "1"]

1. Nf3 {[%clk 1:30:56]} Nf6 {[%clk 1:30:48]} 2. b3 {[%clk 1:29:59]} d5 {[%clk
1:30:10]} 3. Bb2 {[%clk 1:30:14]} Bf5 {[%clk 1:30:15]} 4. e3 {[%clk 1:24:09]} e6
{[%clk 1:28:58]} 5. d4 {[%clk 1:20:12]} Nbd7 {[%clk 1:27:28]} 6. Bd3 {[%clk
1:16:49]} Ne4 {[%clk 1:23:51]} 7. O-O {[%clk 1:04:23]} Bg6 {[%clk 1:22:48]} 8.
Ne5 {[%clk 0:58:14]} Nxe5 {[%clk 1:22:15]} 9. dxe5 {[%clk 0:56:10]} Nc5 {[%clk
1:16:28]} 10. Bxg6 {[%clk 0:44:20]} hxg6 {[%clk 1:16:53]} 11. Nd2 {[%clk
0:44:06]} Qh4 {[%clk 1:16:57]} 12. h3 {[%clk 0:43:21]} O-O-O {[%clk 1:13:20]} 13.
Qg4 {[%clk 0:36:08]} Be7 {[%clk 1:07:28]} 14. Qxh4 {[%clk 0:29:54]} Rxh4 {[%clk
1:07:50]} 15. Ba3 {[%clk 0:28:31]} a5 {[%clk 1:02:18]} 16. Nf3 {[%clk 0:24:04]}
Rhh8 {[%clk 1:02:42]} 17. Nd4 {[%clk 0:20:46]} c6 {[%clk 1:01:26]} 18. Rac1
{[%clk 0:16:25]} Rd7 {[%clk 1:01:13]} 19. Bb2 {[%clk 0:09:41]} a4 {[%clk
1:00:00]} 20. Rfd1 {[%clk 0:09:35]} Kc7 {[%clk 0:59:40]} 21. c4 {[%clk 0:07:41]}
axb3 {[%clk 0:56:38]} 22. axb3 {[%clk 0:07:01]} dxc4 {[%clk 0:56:49]} 23. Rxc4
{[%clk 0:07:05]} Ra8 {[%clk 0:57:04]} 24. Rcc1 {[%clk 0:02:54]} Ra2 {[%clk
0:57:03]} 25. Bc3 {[%clk 0:02:31]} Rd5 {[%clk 0:51:15]} 26. Ra1 {[%clk 0:01:16]}
Rxa1 {[%clk 0:47:06]} 27. Rxa1 {[%clk 0:01:43]} Na6 {[%clk 0:47:20]} 28. Rc1
{[%clk 0:01:01]} Kb6 {[%clk 0:42:45]} 29. Kf1 {[%clk 0:00:57]} c5 {[%clk
0:42:37]} 30. Nf3 {[%clk 0:00:54]} Kc6 {[%clk 0:40:01]} 31. Ke2 {[%clk 0:01:07]}
b5 {[%clk 0:40:27]} 32. Nd2 {[%clk 0:00:35]} Kb6 {[%clk 0:39:27]} 33. Ra1 {[%clk
0:00:36]} Nb8 {[%clk 0:39:31]} 34. f4 {[%clk 0:00:38]} Nc6 {[%clk 0:39:28]} 35.
g4 {[%clk 0:01:00]} Rd8 {[%clk 0:39:42]} 36. Rh1 {[%clk 0:00:32]} Ra8 {[%clk
0:34:23]} 37. Ra1 {[%clk 0:00:36]} Rh8 {[%clk 0:31:25]} 38. Rh1 {[%clk 0:00:56]}
b4 {[%clk 0:30:33]} 39. Nc4+ {[%clk 0:00:43]} Kb5 {[%clk 0:30:59]} 40. Bb2 {[%clk
0:30:34]} Na5 {[%clk 1:01:17]} 41. Nxa5 {[%clk 0:23:00]} Kxa5 {[%clk 1:01:43]}
42. Ra1+ {[%clk 0:23:05]} Kb6 {[%clk 1:01:55]} 43. Kd3 {[%clk 0:23:26]} Rd8+
{[%clk 0:59:04]} 44. Ke2 {[%clk 0:20:36]} Rh8 {[%clk 0:53:05]} 45. Kd3 {[%clk
0:20:47]} Bd8 {[%clk 0:51:48]} 46. Rh1 {[%clk 0:09:30]} Kb5 {[%clk 0:52:02]} 47.
h4 {[%clk 0:07:45]} Bb6 {[%clk 0:50:21]} 48. h5 {[%clk 0:06:40]} Rd8+ {[%clk
0:50:33]} 49. Ke4 {[%clk 0:05:45]} gxh5 {[%clk 0:48:20]} 50. gxh5 {[%clk
0:05:48]} Rd2 {[%clk 0:48:47]} 51. Ba1 {[%clk 0:03:20]} c4 {[%clk 0:49:00]} 52.
bxc4+ {[%clk 0:02:45]} Kxc4 {[%clk 0:49:26]} 53. Rc1+ {[%clk 0:01:43]} Kb5 {[%clk
0:49:52]} 54. Rg1 {[%clk 0:00:55]} Re2 {[%clk 0:46:06]} 55. Bd4 {[%clk 0:00:43]}
Bxd4 {[%clk 0:45:56]} 56. Kxd4 {[%clk 0:01:08]} Rd2+ {[%clk 0:44:41]} 57. Ke4
{[%clk 0:01:36]} b3 {[%clk 0:45:04]} 58. f5 {[%clk 0:00:37]} exf5+ {[%clk
0:44:23]} 59. Kxf5 {[%clk 0:00:57]} Rf2+ {[%clk 0:44:33]} 60. Kg5 {[%clk
0:00:38]} b2 {[%clk 0:44:51]} 61. e6 {[%clk 0:00:47]} fxe6 {[%clk 0:45:10]} 62.
Kg6 {[%clk 0:00:56]} Rc2 {[%clk 0:36:35]} 63. Rb1 {[%clk 0:01:03]} Rg2+ {[%clk
0:37:01]} 64. Kf7 {[%clk 0:01:24]} e5 {[%clk 0:37:29]} 65. Ke6 {[%clk 0:00:37]}
e4 {[%clk 0:37:37]} 66. Kd5 {[%clk 0:00:32]} Kb4 {[%clk 0:38:03]} 67. Kxe4 {[%clk
0:00:40]} Kc3 {[%clk 0:38:29]} 68. Kf5 {[%clk 0:00:33]} Kc2 {[%clk 0:38:52]} 69.
Rh1 {[%clk 0:00:31]} b1Q {[%clk 0:39:17]} 70. Rxb1 {[%clk 0:00:59]} Kxb1 {[%clk
0:39:42]} 71. e4 {[%clk 0:00:42]} Kc2 {[%clk 0:40:09]} 72. e5 {[%clk 0:00:31]}
Kd3 {[%clk 0:40:36]} 73. e6 {[%clk 0:00:35]} Kd4 {[%clk 0:41:03]} 0-1